The essence of systems analysis techniques (Record no. 42374)

MARC details
000 -LEADER
fixed length control field 00668nam a2200181 a 4500
008 - FIXED-LENGTH DATA ELEMENTS--GENERAL INFORMATION
fixed length control field 060316s1998 ||||||||||||||||| || u
020 ## - INTERNATIONAL STANDARD BOOK NUMBER
International Standard Book Number 0137498470
050 ## - LIBRARY OF CONGRESS CALL NUMBER
Classification number QA 76.9.S84 Gri.
100 ## - MAIN ENTRY--PERSONAL NAME
Personal name Griffiths, Gary
245 14 - TITLE STATEMENT
Title The essence of systems analysis techniques
260 ## - PUBLICATION, DISTRIBUTION, ETC.
Place of publication, distribution, etc. London
Name of publisher, distributor, etc. Prentice Hall Europe
Date of publication, distribution, etc. 1998.
300 ## - PHYSICAL DESCRIPTION
Extent p. cm.
350 ## - PRICE (NR) (BK AM CF MU VM SE) [OBSOLETE]
Price 0.00
490 ## - SERIES STATEMENT
Series statement Essence of computing series
650 ## - SUBJECT ADDED ENTRY--TOPICAL TERM
Topical term or geographic name entry element ELECTRONIC DATA PROCESSING--STRUCTURED TECHNIQUES
650 #0 - SUBJECT ADDED ENTRY--TOPICAL TERM
Topical term or geographic name entry element SYSTEM DESIGN
995 ## - RECOMMENDATION 995 [LOCAL, UNIMARC FRANCE]
-- 0.00
-- CBU-MAIN LIBRARY (Kitwe)
-- 1
-- 0.00
-- 1
-- AVAILABLE
-- Sep 1, 2006
-- Main Library Open Access Collection
Holdings
Withdrawn status Lost status Source of classification or shelving scheme Damaged status Not for loan Home library Current library Shelving location Date acquired Total Checkouts Full call number Barcode Date last seen Price effective from Koha item type
          CBU-MAIN LIBRARY, KITWE. CBU-MAIN LIBRARY, KITWE.   11/30/2022   QA 76.9.S84 Gri. 48346 11/30/2022 11/30/2022 MONOGRAPH